• 首页
  • 本馆介绍
  • 公告通知
  • 最新文献
  • 馆藏检索
  • 电子资源
  • 读者导购
  • 参考咨询
  • 我的图书馆
  • 登录
  • 详细信息显示
  • 放入我的书架
  • 预约/预借图书
  • 作者相关作品
  • 分类相关作品
  • 丛书相关作品
  • 出版社相关作品

书目信息

  • 表格格式
  • 工作单格式
  • 卡片格式
题名:
莫斯科的黄金时代
    
 
作者: 罗思-艾 著 ;蓝胤淇 , 陈霞 译
分册:  
出版信息: 北京   商务印书馆  2016
页数: 476页
开本: 24cm
丛书名: 国际文化版图研究文库
单 册:
中图分类: G229.512.9 , K512.03
科图分类:
主题词: 广播电视--新闻事业史--苏联 , 电影史--苏联 , 东欧--历史 , 中欧--历史
电子资源:
ISBN: 978-7-100-11379-3
000 01258oam2 2200325 450
001 1393
005 20180928094519.80
010    @a978-7-100-11379-3@dCNY78.00
100    @a20150920d2016 em y0chiy50 ea
101 1  @achi@ceng
102    @aCN@b110000
105    @ay z 001yy
200 1  @a莫斯科的黄金时代@9mo si ke de huang jin shi dai@e苏联建立的传媒帝国如何在文化冷战中落败@f(美)克里斯汀·罗思-艾著@g蓝胤淇,陈霞译
210    @a北京@c商务印书馆@d2016
215    @a476页@d24cm
225 1  @a国际文化版图研究文库@f颜子悦主编
330    @a本书描述了自二战结束至20世纪70年代苏联的广播电视和电影产业的基本状况,剖析并阐释了赫鲁晓夫如何为苏联广播电视和电影产业进行雄心勃勃构思以及这一构想最终未能实现的深刻原因。
461  0 @12001 @a国际文化版图研究文库
510 1  @aMoscow prime time@ehow the Soviet Union built the media empire that lost the cultural cold war@zeng
606 0  @a广播电视@x新闻事业史@y苏联
606 0  @a电影史@y苏联
606 0  @a东欧@x历史
606 0  @a中欧@x历史
690    @aG229.512.9@v5
690    @aK512.03@v4
701  0 @c(美)@a罗思-艾@9luo si - ai@c(Roth-Ey, Kristin)@4著
702  0 @a蓝胤淇@9lan yin qi@4译
702  0 @a陈霞@9chen xia@4译
801  0 @aCN@b91MARC@c20150920
905    @aMuseLib@dK512.03@e55
    
    莫斯科的黄金时代:苏联建立的传媒帝国如何在文化冷战中落败/(美)克里斯汀·罗思-艾著/蓝胤淇,陈霞译.-北京:商务印书馆,2016
    476页;24cm.-(国际文化版图研究文库/颜子悦主编)
    
    
    ISBN 978-7-100-11379-3:CNY78.00
    本书描述了自二战结束至20世纪70年代苏联的广播电视和电影产业的基本状况,剖析并阐释了赫鲁晓夫如何为苏联广播电视和电影产业进行雄心勃勃构思以及这一构想最终未能实现的深刻原因。
●
相关链接 在E读中查询图书 在五车中查询图书 在当当中查询图书 在豆瓣中查询图书


正题名:莫斯科的黄金时代     索取号:K512.03/55         预约/预借

序号 登录号 条形码 馆藏地/架位号 状态 备注
1 1122461   211224619   第二样本阅览室/ [索取号:K512.03/55] 在馆    
2 1122462   211224628   第二借阅区/ [索取号:K512.03/55] 在馆    
3 1122463   211224637   第二借阅区/ [索取号:K512.03/55] 在馆    
4 1122464   211224646   第二借阅区/ [索取号:K512.03/55] 在馆    
5 1122465   211224655   第二借阅区/ [索取号:K512.03/55] 在馆    
唐山师范学院图书馆 欢迎您!
大连网信软件有限公司© 版权所有